<?xml version="1.0" encoding="UTF-8"?>
<record
    xmlns:xsi="http://www.w3.org/2001/XMLSchema-instance"
    xsi:schemaLocation="http://www.loc.gov/MARC21/slim http://www.loc.gov/standards/marcxml/schema/MARC21slim.xsd"
    xmlns="http://www.loc.gov/MARC21/slim">

  <leader>00293nam a22001337a 4500</leader>
  <controlfield tag="003">SGT</controlfield>
  <datafield tag="020" ind1=" " ind2=" ">
    <subfield code="a">9789390113231</subfield>
  </datafield>
  <datafield tag="082" ind1=" " ind2=" ">
    <subfield code="a">747</subfield>
    <subfield code="b">ULR</subfield>
  </datafield>
  <datafield tag="100" ind1=" " ind2=" ">
    <subfield code="a">ULRICH KARL T. </subfield>
  </datafield>
  <datafield tag="245" ind1=" " ind2=" ">
    <subfield code="a">PRUDUCT DESIGN AND DEVELOPMENT </subfield>
  </datafield>
  <datafield tag="260" ind1=" " ind2=" ">
    <subfield code="a">INDIA </subfield>
    <subfield code="b">MC GRAWHILL </subfield>
    <subfield code="c">2025</subfield>
  </datafield>
  <datafield tag="300" ind1=" " ind2=" ">
    <subfield code="a">444</subfield>
  </datafield>
  <datafield tag="942" ind1=" " ind2=" ">
    <subfield code="2">ddc</subfield>
    <subfield code="c">BK</subfield>
  </datafield>
  <datafield tag="952" ind1=" " ind2=" ">
    <subfield code="0">0</subfield>
    <subfield code="1">0</subfield>
    <subfield code="2">ddc</subfield>
    <subfield code="4">0</subfield>
    <subfield code="7">0</subfield>
    <subfield code="a">SSSL</subfield>
    <subfield code="b">SSSL</subfield>
    <subfield code="c">TXT</subfield>
    <subfield code="d">2026-03-27</subfield>
    <subfield code="e">ZAFAA DELHI </subfield>
    <subfield code="g">1025.00</subfield>
    <subfield code="i">SGTU</subfield>
    <subfield code="l">0</subfield>
    <subfield code="o">747 ULR</subfield>
    <subfield code="p">FF915</subfield>
    <subfield code="r">2026-03-27 00:00:00</subfield>
    <subfield code="w">2026-03-23</subfield>
    <subfield code="y">BK</subfield>
    <subfield code="k">ZBD0513</subfield>
  </datafield>
  <datafield tag="952" ind1=" " ind2=" ">
    <subfield code="0">0</subfield>
    <subfield code="1">0</subfield>
    <subfield code="2">ddc</subfield>
    <subfield code="4">0</subfield>
    <subfield code="7">0</subfield>
    <subfield code="a">SSSL</subfield>
    <subfield code="b">SSSL</subfield>
    <subfield code="c">TXT</subfield>
    <subfield code="d">2026-03-27</subfield>
    <subfield code="e">ZAFAA DELHI </subfield>
    <subfield code="g">1025.00</subfield>
    <subfield code="i">SGTU</subfield>
    <subfield code="l">0</subfield>
    <subfield code="o">747 ULR</subfield>
    <subfield code="p">FF916</subfield>
    <subfield code="r">2026-03-27 00:00:00</subfield>
    <subfield code="w">2026-03-23</subfield>
    <subfield code="y">BK</subfield>
    <subfield code="k">ZBD0513</subfield>
  </datafield>
  <datafield tag="952" ind1=" " ind2=" ">
    <subfield code="0">0</subfield>
    <subfield code="1">0</subfield>
    <subfield code="2">ddc</subfield>
    <subfield code="4">0</subfield>
    <subfield code="7">0</subfield>
    <subfield code="a">SSSL</subfield>
    <subfield code="b">SSSL</subfield>
    <subfield code="c">TXT</subfield>
    <subfield code="d">2026-03-27</subfield>
    <subfield code="e">ZAFAA DELHI </subfield>
    <subfield code="g">1025.00</subfield>
    <subfield code="i">SGTU</subfield>
    <subfield code="l">0</subfield>
    <subfield code="o">747 ULR</subfield>
    <subfield code="p">FF917</subfield>
    <subfield code="r">2026-03-27 00:00:00</subfield>
    <subfield code="w">2026-03-23</subfield>
    <subfield code="y">BK</subfield>
    <subfield code="k">ZBD0513</subfield>
  </datafield>
  <datafield tag="952" ind1=" " ind2=" ">
    <subfield code="0">0</subfield>
    <subfield code="1">0</subfield>
    <subfield code="2">ddc</subfield>
    <subfield code="4">0</subfield>
    <subfield code="7">0</subfield>
    <subfield code="a">SSSL</subfield>
    <subfield code="b">SSSL</subfield>
    <subfield code="c">TXT</subfield>
    <subfield code="d">2026-03-27</subfield>
    <subfield code="e">ZAFAA DELHI </subfield>
    <subfield code="g">1025.00</subfield>
    <subfield code="i">SGTU</subfield>
    <subfield code="l">0</subfield>
    <subfield code="o">747 ULR</subfield>
    <subfield code="p">FF918</subfield>
    <subfield code="r">2026-03-27 00:00:00</subfield>
    <subfield code="w">2026-03-23</subfield>
    <subfield code="y">BK</subfield>
    <subfield code="k">ZBD0513</subfield>
  </datafield>
  <datafield tag="952" ind1=" " ind2=" ">
    <subfield code="0">0</subfield>
    <subfield code="1">0</subfield>
    <subfield code="2">ddc</subfield>
    <subfield code="4">0</subfield>
    <subfield code="7">0</subfield>
    <subfield code="a">SSSL</subfield>
    <subfield code="b">SSSL</subfield>
    <subfield code="c">TXT</subfield>
    <subfield code="d">2026-03-27</subfield>
    <subfield code="e">ZAFAA DELHI </subfield>
    <subfield code="g">1025.00</subfield>
    <subfield code="i">SGTU</subfield>
    <subfield code="l">0</subfield>
    <subfield code="o">747 ULR</subfield>
    <subfield code="p">FF919</subfield>
    <subfield code="r">2026-03-27 00:00:00</subfield>
    <subfield code="w">2026-03-23</subfield>
    <subfield code="y">BK</subfield>
    <subfield code="k">ZBD0513</subfield>
  </datafield>
  <datafield tag="999" ind1=" " ind2=" ">
    <subfield code="c">34509</subfield>
    <subfield code="d">34509</subfield>
  </datafield>
</record>
